Hill's swedish - english and english - swedish = svensk - engelsk och engelsk - svensk fick-ordbok : vest pocket dictionary and self-instructor with conversations and idioms / vest pocket dictionary and self-instructor with conversations and idioms /
Descripción Física:
99 pàg. ; 15 cm
Otros Autores:
Wesander, E.
Materias:
Fons Joan Junyer i Pascual (1909-1994)
; Suec -- Diccionaris -- Anglès.
; Anglès -- Diccionaris -- Suec.
Idioma:
English , Swedish
MARC
| LEADER | 00000nam a2200000 a 4500 | ||
|---|---|---|---|
| 001 | 24730 | ||
| 003 | AGDB | ||
| 005 | 20260324181534.0 | ||
| 008 | 880412s1934 xxk|||| |||||||| ||eng| | ||
| 035 | |a (ES-BaCBU).b54042525 | ||
| 040 | |a ES-BaBC |b cat |c ES-BaBC | ||
| 041 | |a swe |a eng | ||
| 080 | |a 839.7=20 | ||
| 080 | |a 802-3=397 | ||
| 100 | 1 | |a Hill, Leopold B. | |
| 245 | 1 | 0 | |a Hill's swedish - english and english - swedish = svensk - engelsk och engelsk - svensk fick-ordbok : |b vest pocket dictionary and self-instructor with conversations and idioms / |c compiled by E. Wesander |
| 260 | |a London : |b Bailey bros. & Swinfen ltd. , |c [s.a.] | ||
| 300 | |a 99 pàg. ; |c 15 cm | ||
| 500 | |a Prové del fons Joan Junyer i Pascual (1909-1994) | ||
| 650 | |a Fons Joan Junyer i Pascual (1909-1994) |9 72777 | ||
| 650 | 7 | |a Suec |v Diccionaris |x Anglès. |2 lemac | |
| 650 | 7 | |a Anglès |v Diccionaris |x Suec. |2 lemac | |
| 700 | 1 | |a Wesander, E., |e ed. | |
| 907 | |a .b54042525 |b 15-02-21 |c 16-01-13 |d 07-05-08 |e m |f a |g - |h eng |i xxk |j 0 |k 1 | ||
| 908 | |a BC | ||
| 940 | |a BC | ||
| 942 | |2 udc |c ARXIU |n 1 | ||
| 952 | |0 0 |1 0 |4 0 |6 F50421 |7 1 |9 98404 |a Arxiu |b Arxiu |d 2025-10-08 |l 0 |o F-504-21 |p 24730 |r 2025-10-08 11:48:18 |w 2025-10-08 |y ARXIU | ||
| 999 | |c 130158 |d 130158 | ||